| 000 | 00705nam a2200241Ia 4500 | ||
|---|---|---|---|
| 003 | OSt | ||
| 005 | 20220926011708.0 | ||
| 006 | a|||||r|||| 00| 0 | ||
| 007 | ta | ||
| 008 | 220923b |||||||| |||| 00| 0 eng d | ||
| 037 | _cGeneral Book | ||
| 040 |
_aRTL _cRTL _beng |
||
| 041 |
_2eng _aeng |
||
| 082 | _aX:77.933.N7, M2 | ||
| 100 |
_aGregory C. A. _9143622 |
||
| 245 | 0 | _aGifts and commodities. | |
| 260 |
_aNew York _bAcademic Press U. S. A. _c1982 |
||
| 300 |
_axiv, 242p. Bibliography p.224-37 _ccm. |
||
| 490 | _aStudies in Political Economy | ||
| 650 |
_aEconomic Development _917300 |
||
| 942 |
_hX:77.933.N7, M2 _cGB _2CC |
||
| 999 |
_c620750 _d620750 |
||